000 00892nam a2200217Ia 4500
001 9815
003 GE_BSU
008 181216s||||||||xx |||||||||||||| ||und||
040 _cGE_BSU
080 _a811.353.1'373+81'374.3=353.1
100 _aორბელიანი,სულხან–საბა
245 _aთხზულებანი 4 ტომად. ტ.4. ლექსიკონი ქართული
245 _bნაკვ.2
245 _cავტოგრაფ. ნუსხების მიხედვით გამოსაცემად მოამზადა ი. აბულაძემ.რედ ა. შაინიძე
260 _aთბილისი
260 _bსაბჭოთა საქართველო
260 _c1966
300 _a656გვ.22სმ.
653 _aთხზულებანი
942 _cBK
999 _c43094
_d43094